Five Countries with the most Elite Universities by Continent - Statistics

General Stats
  • This quiz has been taken 77 times
    76 since last reset
  • The average score is 20 of 21
Answer Stats
Continent Rank World Rank University Country % Correct
2 16 Tsinghua University China
100%
4 53 Université PSL France
100%
5 55 Technical University of Munich Germany
100%
3 22 The University of Tokyo Japan
100%
1 4 University of Oxford United Kingdom
100%
1 =29 The Australian National University Australia
98%
2 =83 The University of Auckland New Zealand
98%
1 =198 University of Cape Town South Africa
98%
1 1 Massachusetts Institute of Technology United States
98%
2 =29 University of Toronto Canada
97%
2 =395 The American University in Cairo Egypt
97%
5 37 Seoul National University South Korea
97%
1 74 Universidad de Buenos Aires Argentina
95%
2 =116 Universidade de São Paulo Brazil
95%
3 103 Universidad Nacional Autónoma de México Mexico
95%
3 127 Pontificia Universidad Católica de Chile Chile
93%
4 =234 Universidad de los Andes Colombia
92%
5 =474 Pontificia Universidad Católica del Perú Peru
92%
3 50 Delft University of Technology Netherlands
90%
2 6 ETH Zurich - Swiss Federal Institute of Technology Switzerland
89%
1 =11 Nanyang Technological University / National University of Singapore Singapore
87%
No matching quizzes found
Score Distribution
Percent of People with Each Score
Percentile by Number Answered
Your Score History
You have not taken this quiz since the last reset